North American Sports Champions 1960's - Statistics

General Stats
  • This quiz has been taken 165 times
  • The average score is 13 of 15
Answer Stats
Team % Correct
Boston Celtics
99%
New York Yankees
99%
Green Bay Packers
97%
Montreal Canadiens
97%
New York Mets
91%
Toronto Maple Leafs
91%
Kansas City Chiefs
89%
Los Angeles Dodgers
89%
New York Jets
89%
St. Louis Cardinals
89%
Pittsburgh Pirates
80%
Baltimore Orioles
78%
Detroit Tigers
76%
Philadelphia 76ers
74%
Chicago Black Hawks
69%
No matching quizzes found
Score Distribution
Percent of People with Each Score
Percentile by Number Answered
Your Score History
You have not taken this quiz